000 00343nam a2200133Ia 4500
008 240624s9999 xx 000 0 und d
041 _aeng
082 _a301.01 LUC
100 _aLUCKETT OLIVER
245 _aSOCIAL ORGANISM A RADICAL UNDERSTANDING
260 _c2016
_aNew York
_bHachette
300 _axxxix, 292 p.; 23 cm.
365 _c
_b38
999 _c31257
_d31257